Essay writing/ (Record no. 4831)
[ view plain ]
| 000 -LEADER | |
|---|---|
| fixed length control field | 00829nac a22002291u 4500 |
| 020 ## - INTERNATIONAL STANDARD BOOK NUMBER | |
| International Standard Book Number | 9781859649220 |
| 082 ## - DEWEY DECIMAL CLASSIFICATION NUMBER | |
| Classification number | 371.30281 |
| Item number | F272 |
| 090 ## - LOCALLY ASSIGNED LC-TYPE CALL NUMBER (OCLC); LOCAL CALL NUMBER (OCLC) | |
| -- | 4829 |
| -- | 4829 |
| 100 ## - MAIN ENTRY--PERSONAL NAME | |
| Personal name | Fava-Verde, Amanda |
| 245 ## - TITLE STATEMENT | |
| Title | Essay writing/ |
| Statement of responsibility, etc | Amanda Fava-Verde & Anthony Manning with Paul Harvey |
| Number of part/section of a work | Module 8 |
| Name of part/section of a work | Course book |
| 260 ## - PUBLICATION, DISTRIBUTION, ETC. (IMPRINT) | |
| Place of publication, distribution, etc | London: |
| Name of publisher, distributor, etc | Garnet pub.,2007 |
| Date of publication, distribution, etc | 2007 |
| 300 ## - PHYSICAL DESCRIPTION | |
| Extent | 46 p.: |
| Other physical details | ill.; |
| Dimensions | 23 cm. |
| 440 ## - | |
| -- | university foundation study |
| 650 ## - SUBJECT ADDED ENTRY--TOPICAL TERM | |
| Topical term or geographic name as entry element | English language |
| General subdivision | Rhetoric |
| 650 ## - SUBJECT ADDED ENTRY--TOPICAL TERM | |
| Topical term or geographic name as entry element | English language |
| General subdivision | Textbooks for foreign speakers |
| 650 ## - SUBJECT ADDED ENTRY--TOPICAL TERM | |
| Topical term or geographic name as entry element | Study skills |
| 650 ## - SUBJECT ADDED ENTRY--TOPICAL TERM | |
| Topical term or geographic name as entry element | Life skills |
| 700 ## - ADDED ENTRY--PERSONAL NAME | |
| Personal name | Manning, Anthony |
| 700 ## - ADDED ENTRY--PERSONAL NAME | |
| Personal name | Harvey, Paul |
| 942 ## - ADDED ENTRY ELEMENTS (KOHA) | |
| Item type | NB - Book (Non borrowing) |
| Call number prefix | 371.30281F272 |
| Withdrawn status | Item status | Damaged status | Not for loan | Home library | Current library | Shelving location | Date acquired | Source of acquisition | Total Checkouts | Full call number | Barcode | Date last seen | Koha item type | Date last borrowed |
|---|---|---|---|---|---|---|---|---|---|---|---|---|---|---|
| Central Library | Central Library | First floor | 24/09/2007 | Purchase | 371.30281 FAV | 000005935 | 15/07/2025 | NB - Book (Non borrowing) | ||||||
| Central Library | Central Library | First floor | 24/09/2007 | Purchase | 2 | 371.30281 FAV | 000005929 | 15/07/2025 | Book - Borrowing | 26/01/2015 |